|
|
|
|
| LEADER |
00000cam a2200000 a 4500 |
| 001 |
vtls010307675 |
| 003 |
SK-MaSNL |
| 005 |
20260301032020.0 |
| 008 |
240313s2011 xo a e 001 0 slo |
| 015 |
|
|
|a SNBA2011/10-05406
|
| 020 |
|
|
|a 9788080846596
|q (brož.)
|
| 035 |
|
|
|a 1A452A6E-75B7-4B15-B7E1-E9975826A8CF
|
| 035 |
|
|
|a urn:nbn:sk:snk-amkw50
|
| 035 |
|
|
|a urn:nbn:sk:snk-am001z49
|
| 040 |
|
|
|a SNK
|b slo
|c SNK
|e AACR2
|
| 041 |
0 |
|
|a slo
|
| 044 |
|
|
|a xo
|c SK
|
| 072 |
|
7 |
|a 53
|x Fyzika
|2 konspekt
|
| 080 |
|
|
|a 530.12
|2 2001
|
| 080 |
|
|
|a (048.8)
|2 2001
|
| 080 |
|
|
|a 530.1
|2 2001
|
| 100 |
1 |
|
|a Hanisko, Peter,
|d 1969-
|4 aut
|9 114403
|
| 245 |
1 |
0 |
|a Špeciálna teória relativity
|c Peter Hanisko
|
| 250 |
|
|
|a 1. vyd.
|
| 260 |
|
|
|a Ružomberok
|b Verbum
|c 2011
|
| 300 |
|
|
|a 166 s.
|b ilustr.
|c 21 cm
|
| 504 |
|
|
|a Bibliogr. s. 160-162. Reg. Zoz. obr.
|
| 650 |
0 |
7 |
|a teória relativity
|2 SNKPH
|9 20573
|
| 650 |
0 |
7 |
|a teoretická fyzika
|2 SNKPH
|9 67298
|
| 650 |
0 |
7 |
|a Theory of relativity
|2 SNKPHeng
|9 121611
|
| 650 |
0 |
7 |
|a Theoretical physics
|2 SNKPheng
|9 328549
|
| 655 |
|
7 |
|a monografie
|2 SNKPH
|9 70139
|
| 655 |
|
7 |
|a Monographs
|2 SNKPHeng
|9 120675
|
| 852 |
|
|
|a Štátna vedecká knižnica v Banskej Bystrici
|
| 919 |
|
|
|a 978-80-8084-659-6
|
| 958 |
|
|
|a NB
|
| 958 |
|
|
|a OND
|
| 968 |
|
|
|d 53+54
|
| 999 |
|
|
|c 577676
|d 579606
|
| 952 |
|
|
|a SNK
|b SNK
|y PREZ
|7 0
|p 17A0717129
|o snkSC 146556
|i snk2011/18144
|8 0
|0 0
|1 0
|4 0
|d 2011-08-31
|l 0
|r 2025-07-15 00:00:00
|w 2026-02-23
|
| 952 |
|
|
|a SNK
|b SNK
|y VYP
|7 0
|p 17A0717128
|o snkSC 146556 D1
|i snk2011/18145
|8 0
|0 0
|1 0
|4 0
|d 2011-08-31
|f 1
|l 0
|r 2026-02-23 14:38:55
|w 2026-02-23
|